000 02569cam a22004814i 4500
003 PE-LiUPU
005 20250731173414.0
008 150706s2010 sp r 000 0 spa d
020 _a9788430117451
035 _a(Sirsi) i9788430117451
040 _aPE-LiUPU
_bspa
_cPE-LiUPU
_erda
049 _aPRUA
082 0 4 _a226.4
_bB78
_221
100 1 _aBovon, François,
_eautor.
245 1 3 _aEl evangelio según San Lucas :
_bLc 19, 28-24, 53 /
_cFrançois Bovon ; [tradujo Alfonso Ortiz García].
264 1 _aSalamanca :
_bSígueme,
_c2010.
300 _a718 páginas ;
_c22 centímetros.
336 _atext
_2rdacontent
337 _aunmediated
_2rdamedia
338 _avolume
_2rdacarrier
490 0 _aBiblioteca de estudios bíblicos ;
_v132
505 0 _aJesús se acerca a Jerusalén como rey -- Jerusalén ignora la visita y Jesús restaura el templo -- Preguntas sin respuesta -- La parábola de los viñadores homicidas -- El denario del César y el dominio de Dios -- Disputa con los saduceos -- Mesías - Hijo de David - Señor -- Una viuda ejemplar o explotada? -- Discurso sobre la historia futura y los novísimos -- El comploto satánico -- La preparación de la pascua -- La cena entre la pascua y el reino -- La última conversación -- La última oración de Jesús -- El prendimiento de Jesús -- La negación de Pedro y la escena de los ultrajes -- La comparecencia de Jesús ante el Sanedrín -- Jesús ante Pilato -- Jesús ante Herodes -- La última comparecencia -- Hacia la cruz y en la cruz -- Muerte y sepultura -- Tumba vacía y plenitud del mensaje -- Los discípulos de Emaús -- Presencia del resucitado y último mensaje -- La armonía de los adioses.
526 _aSEG42
526 _aSEG41
526 _aSEG40
526 _aSEG39
526 _aP94
526 _aP87
526 _aP86
526 _aP85
526 _aP77
526 _aP76
526 _aP35
541 _g006-0041988;
630 _aBiblia.
_pN.T.
_pLucas
_vCrítica e interpretación.
700 1 _aPiñeiro Sáenz, Antonio,
_etr.
910 _agl
_bjv
_clch
_d20120417
942 _2ddc
_cBOOK
949 _a226.4 B78 4
_wDEWEY
_c1
_i64460
_lCCODEBUL1
_mBUL
_p59.00
_r0
_sY
_tBOOK
_u2015-7-6
_xTEOLOGIA
_PP35
_o.STAFF. Colección General
994 _aC0
_bPEPRU
596 _a1
999 _a226.4 B78 4
_wDEWEY
_c53207
_i64460
_d53207
_e2019-5-28
_f2021-11-9
_g5
_lCCODEBUL1
_mBUL
_n7
_p59.00
_q2
_r0
_sY
_tBOOK
_u2015-7-6
_xTEOLOGIA
_PP35
_0COMPRA
_o.STAFF. Colección General
980 _81
_gALBERTO SANCHEZ Responsable de Automatización